01785nas a22002177a 450000500170000000700120001700800410002902200140007004000090008408200150009324500710010826000410017930000160022031000150023636500160025150011780026765000630144565100100150865500140151885600350153220200520103713.0cz aa aaaaa200428c f||poo|||| 00| 0 eng d a2664-9934 coclc a570bJOU/B aInternational Journal of Biology Scienceshe-Journal (Open Access) bAcademic publicationsaDelhi, India  aPDF(online) aSemiannual eOpen Access aInternational Journal of Biology Sciences is a peer-reviewed, open access journal that publishes original research articles as well as review articles covering all areas of biological chemistry. Considers review and research articles related to: medical biochemistry, Molecular Cell Biology, Microbiology, Infection and Immunity, structural & functional biology, clinical and medical biochemistry, cellular & molecular biology, molecular immunology, biochemical pathways and mechanisms, genetic studies, therapeutic drug monitoring and toxicology, laboratory medicine in general, prognosis, treatment, therapy, and monitoring of disease, biomolecular recognition, protein-DNA interactions, gene-cloning, genetic engineering, genome analysis, gene targeting, gene expression, vectors, gene therapy, drug targeting, drug design, molecular basis of genetic diseases, Molecular Biology of Host-pathogens Interactions, RNA and protein expression and regulation, transcriptomics, enzymology, biophysics, contemporary areas of molecular biology such as studies on replication, repair, recombination, transcription, mutation, coding and non-coding RNA, genomics, proteomics, etc.  0aNatural sciences & mathematicsvLife sciences; biology 0aIndia 0ae-Journal uhttp://www.biologyjournal.net/